000 00582nam a2200193Ia 4500
003 IN-BaIIA
008 211028s9999 xx 000 0 eng d
040 _cIIA Library
080 _a047.1:535
_bPRO-4
245 0 _aProgress in optics
_bvol. 4
_cedited by E. Wolf
260 _aAmsterdam
_bNorth-Holland
_c1965
300 _axii, 327p.
650 _aAstronomical optics
_92030
650 _aAstronomy and astrophysics Thesaurus
650 _aOptical properties
_93730
650 _aOptics
700 _aWolf, E., ed.
_93849
942 _cBK
999 _c2987
_d2987